| 000 | 00401nam a22001577a 4500 | ||
|---|---|---|---|
| 999 |
_c3341 _d3341 |
||
| 008 | 200609b ||||| |||| 00| 0 eng d | ||
| 082 | 0 | 0 |
_a536.7 _bS6421 |
| 100 |
_91712 _aSmith, R. A. |
||
| 245 | 1 | 0 |
_aPhysical principles of thermodynamics _cby R. A. Smith |
| 250 | _a1st ed. | ||
| 260 |
_aLondon _bChapman _c1952 |
||
| 300 | _axiii,280p. | ||
| 365 | _d22.94 | ||
| 650 | 0 | _aThermodynamics | |
| 942 | _cBK | ||